| 000 | 00328nam a22001217a 4500 | ||
|---|---|---|---|
| 082 | _aMS-CCS-4 RAH | ||
| 100 | _aRahat Masood | ||
| 245 | _aFine-grained access control for database management systems | ||
| 260 |
_aIslamabad _bNUST university _c2013 |
||
| 300 | _a191p. : | ||
| 500 | _aSupervisor: Dr. Awais Shibli | ||
| 942 | _cPR | ||
| 999 |
_c489032 _d489032 |
||